NZS know how - Statystyki

Ogólne statystyki
  • Ten quiz został rozwiązany 31 razy
    12 od ostatniego zresetowania
  • Średni wynik to 37 z 50
Statystyki odpowiedzi
Odpowiedź % Poprawnych
Aleksandra Acman
100%
Aleksandra Mędrala
100%
Aleksandra Wiśniewska
100%
Cezary Foltyn(szef)
100%
Franciszek Kania(szef)
100%
Kacper Bazylak
100%
Sebastian Garbacz
100%
Aleksandra Sitko(szef)
83%
Aleksandra Wojtasińska
83%
Amelia Waseńczuk
83%
Anna Kędra(szef)
83%
Barbara Daniek(szef)
83%
Dominika Browarnik
83%
Emilia Basiura
83%
Ersan Kazmi
83%
Magdalena Balicka
83%
Magdalena Lemańska
83%
Marianna Burda(szef)
83%
Mateusz Witek
83%
Natalia Gieroń
83%
Oliwia Kotkowska
83%
Paweł Nadziałek
83%
Radoslaw Myszczuk
83%
Zuzanna Kaczmarek
83%
Andrzej Justyniarski
67%
Dawid Faracik(foto)
67%
Filip Solarz
67%
Jakub Kępny(fb)
67%
Jakub Telinga
67%
Kinga Wójcik
67%
Magdalena Woch(graficy)
67%
Michalina Lorenz
67%
Mikołaj Dzięgiel(szef)
67%
Oliwia Furgała
67%
Robert Masłowski
67%
Selina Gawrylak
67%
Szymon Podgórski
67%
Zuzanna Stankowicz
67%
Zuzanna Wawrzon
67%
Zuzanna Zbylut
67%
Ewelina Ciężak
50%
Jan Stanek
50%
Kacper Fabiańczyk
50%
Kacper Stabryła(rzecznik prasowy)
50%
Miłosz Wojdon(webmaster)
50%
Oliwia Zabłocka(ig)
50%
Oskar Mackiewicz
50%
Piotr Nowacki(linkedin)
50%
Alicja Frankiewicz
33%
Paulina Fojcik
33%
Nie znaleziono quizów pasujących do podanych kryteriów
Rozkład punktacji
Procent ludzi z każdym wynikiem
Percentyl według liczby udzielonych odpowiedzi
Twoja historia wyników
Nie rozwiązałeś tego quizu od ostatniego zresetowania